01080cam a22003014a 4500999001700000001000900017005001700026008004100043010001700084020001500101020001800116035002300134040001800157050003500175100002500210245008600235250001200321260004700333300007900380500002000459650001600479650002900495700003000524700001900554906004500573942003400618952012600652 c13560d135601431369120181004094910.0060324s2008 maua 001 0 eng  a 2006044799 a0321433793 a9780321433794 a(OCoLC)ocm65400794 aDLCcDLCdYDX00aQA276.12.D417 2008b.D417 20081 aDe Veaux, Richard D.10aStats :bdata and models /cRichard D. De Veaux, Paul F. Velleman, David E. Bock. a2nd ed. aBoston :bPearson, Addison-Wesley,cc2008. axxvii, 869, 69 p. :bill. (chiefly col.) ;c27 cm +e1 CD-ROM (4 3/4 in.). aIncludes index. 0aStatistics. 0aMathematical statistics.1 aVelleman, Paul F.,d1949-1 aBock, David E. a7bcbccorignewd1eocipf20gy-gencatlg 2lcccBOOKShQA 276 .D417 2008 00102lcc4070aMUCbMUCcGENd2016-08-11eDonation (BFA)l0oQA 276.12 .D417 2008p24808r2021-02-26w2016-08-11yBOOKS